000 00470nab a2200145Ia 4500
003 ES-SlBCS
005 20210601125231.0
008 140529s1972 xxu||||| |||| 00| 0 eng d
041 _aeng
100 1 _aMontague, Phillip
_9132856
245 0 0 _aJustice, Reasonableness, and the Similar Handling of Similar Cases
_c Phillip Montague
650 0 4 _aJusticia
_992182
773 0 _tPhilosophy and Phenomenological Research
_gvol. 33, 1972, págs. 90-99
_wRev1411
942 _cAR
999 _c526950
_d526950